1399 1175 1171 1795 1031 1823 1438 1522 1092 1582 1242 1562 1881 1510 1212 1636 1407 1113 1521 1538 1906 1034 1536 1776 1048 1164 1912 1963 1314 1321 1262 1136 1768 1247 1158 1841 1146 1408 1431 1311 1542 1771 1201 1246 1205 1041 1524 1136 1427 1581 1170 1650 1296 1999 1242 1206 1786 1238 1710 1503 1051 1382 1721 1868 1903 1734 1870 1389 1442 1893 1698 1468 1076 1470 1190 1700 1516 1817 1599 1385 1132 1575 1503 1168 1351 1629 1160 1532 1804 1021 1975 1236 1802 1728 1738 1904 1233 1874 1442 BCNSPRNW ULIB Ver.6.0+V

เปลี่ยนเป็นภาษาไทย

Change to English
 แสดงรายละเอียดบรรณานุกรม
  กลับหน้าหลัก

Brief Record : Get Marc (ISO 2709) : E-mail record : QR code < ปิดหน้าต่าง
LEADER : 00000nam 2200000uu 4500
001    13399110404
003     ULIB
008    110506s2010||||th 000 0 tha d
020    1416050254
060 00 WO 200^bN974 2010
245 10 Nurse anesthesia /^cedited by John J. Nagelhout, Karen L.Zaglaniczny
250    4th ed
260    St. Louis, Missouri :^bElsevier Saunsers,^c2010
300    xx, 1396 p. :^bill
504    Includes bibliographical references and index
650  2 Anesthesia
650  2 Anesthesia^xnurses instruction
700 10 Nagelhout, John J.,^eed
700 10 Zaglaniczny, Karen L.,^ejt. ed
945    ^p0^l0^i030080
995     Kesorn
999 ^a ใช้งานได้ทุกระบบ
รายการนี้ยังไม่มีแท็ก
คุณยังไม่ได้ล็อกอิน คุณสามารถมีกิจกรรมร่วมกับเว็บไซต์ได้ แต่ต้องล็อกอินก่อน ::
  ล็อกอิน

รายการสื่อสารสนเทศ

ลำดับที่ ประเภท เลขเรียก/บาร์โค้ด สถานที่ สถานะ
- ไม่พบข้อมูล -

รายการใกล้เคียง
    หัวเรื่อง [Anesthesia]

BibComment


ยังไม่เคยถูกคอมเมนท์

คอมเมนท์ทรัพยากรรายการนี้
  คอมเมนท์: Nurse anesthesia ..


 Copyright 2026. Bcnsprnw @Library